000
00315nam a2200121Ia 4500
008
210210b1997 xxu||||| |||| 00| 0 eng d
082
_a
001.64 MART
100
_a
MARIADOSS (S A).
245
_a
Text book of computer science. II PUC.
260
_a
Bangalore
_b
_c
1997
690
_a
Computer Science
906
_a
052228
999
_c
100841
_d
100841